[Event "Wch FIDE Online U18"]
[Site "Tornelo INT"]
[Date "2020.12.20"]
[Round "2.1"]
[White "Hepler Ramirez, Narayana"]
[Black "Sonis, Francesco"]
[Result "1-0"]
[WhiteElo "2117"]
[BlackElo "2483"]
[PlyCount "95"]
[EventDate "2020.12.19"]
[EventType "k.o. (rapid)"]
[EventRounds "4"]
[EventCountry "ISS"]
[SourceTitle "EXT 2022"]
[Source "ChessBase"]
[SourceDate "2021.10.06"]
[SourceVersion "1"]
[SourceVersionDate "2021.10.06"]
[SourceQuality "1"]

1. d4 Nf6 2. c4 e6 3. Nc3 Bb4 4. f3 c5 5. a3 Bxc3+ 6. bxc3 Nc6 7. e4 d6 8. Nh3 e5 9. d5 Na5 10. Nf2 b6 11. Bd3 Qd7 12. Qe2 Ba6 13. Nd1 Nh5 14. g3 Qh3 15. Nf2 Qd7 16. 0-0 0-0-0 17. f4 g6 18. fxe5 dxe5 19. Rb1 f6 20. Ng4 Rhf8 21. Be3 Rde8 22. Rf2 f5 23. Rbf1 Rh8 24. Nh6 fxe4 25. Bxe4 Bxc4 26. Bd3 Bxd5 27. Ba6+ Kb8 28. Nf7 Rhg8 29. Rd1 Rgf8 30. Bb5 Qb7 31. Bxe8 Rxe8 32. Nd6 Qc6 33. Nxe8 Bc4 34. Qg4 Qxe8 35. Bg5 Be6 36. Qe4 Nc6 37. Rd6 Kc7 38. Rfd2 Bf5 39. Qa4 Bc8 40. Rd8 Qe6 41. Rf8 e4 42. Rh8 e3 43. Rxh7+ Kb8 44. Re2 Qd5 45. Bxe3 a6 46. Bf4+ Ka8 47. Re8 Na7 48. Rxc8+ 1-0

[Event "Wch FIDE Online U18"]
[Site "Tornelo INT"]
[Date "2020.12.20"]
[Round "2.2"]
[White "Sonis, Francesco"]
[Black "Hepler Ramirez, Narayana"]
[Result "0-1"]
[WhiteElo "2483"]
[BlackElo "2117"]
[PlyCount "106"]
[EventDate "2020.12.19"]
[EventType "k.o. (rapid)"]
[EventRounds "4"]
[EventCountry "ISS"]
[SourceTitle "EXT 2022"]
[Source "ChessBase"]
[SourceDate "2021.10.06"]
[SourceVersion "1"]
[SourceVersionDate "2021.10.06"]
[SourceQuality "1"]

1. Nf3 Nf6 2. g3 g6 3. Bg2 Bg7 4. 0-0 0-0 5. b3 Ne4 6. d4 c5 7. Bb2 d5 8. Qc1 Nc6 9. dxc5 Nxc5 10. Bxg7 Kxg7 11. Qb2+ Kg8 12. Nd4 Qc7 13. Nxc6 bxc6 14. c4 Bb7 15. Nd2 e5 16. cxd5 cxd5 17. Rac1 Qe7 18. Qa3 Rfc8 19. Nb1 Qf8 20. Rfd1 e4 21. Nc3 Ne6 22. Qb2 Rc5 23. b4 Rc4 24. Nxd5 Bxd5 25. Rxd5 Rxc1+ 26. Qxc1 Qxb4 27. h4 h5 28. Kh2 Rb8 29. Qe3 Qb6 30. Qxe4 Qxf2 31. Qe5 Rb1 32. Rd7 Qg1+ 33. Kh3 Qf2 34. Re7 Kf8 35. Qd6 Qf5+ 36. Kh2 Kg7 37. Rxa7 Rb2 38. Qd1 Qf2 39. Qg1 Qxe2 40. Ra3 Rxa2 41. Rxa2 Qxa2 42. Qe3 Qb2 43. Kh3 Qd4 44. Qe1 Qf6 45. Qe3 Qd4 46. Qc1 Qf6 47. Qc4 Qd4 48. Qc6 Qf6 49. Bd5 Nd4 50. Qb7 Nf5 51. Kg2 Ne3+ 52. Kh1 Qf1+ 53. Kh2 Ng4# 0-1

[Event "Wch FIDE Online U18 America qual"]
[Site "Tornelo INT"]
[Date "2020.12.04"]
[Round "7"]
[White "Hepler Ramirez, Narayana"]
[Black "Niemann, Hans Moke"]
[Result "1-0"]
[WhiteElo "1865"]
[BlackElo "2327"]
[PlyCount "129"]
[EventDate "2020.12.01"]
[EventType "swiss (rapid)"]
[EventRounds "7"]
[EventCountry "ISS"]
[SourceTitle "EXT 2022"]
[Source "ChessBase"]
[SourceDate "2021.10.06"]
[SourceVersion "1"]
[SourceVersionDate "2021.10.06"]
[SourceQuality "1"]

1. d4 d5 2. c4 e6 3. Nc3 a6 4. cxd5 exd5 5. Qb3 Nf6 6. Bg5 c6 7. e3 Be7 8. Bd3 Nbd7 9. Nge2 h6 10. Bh4 b5 11. 0-0 Bb7 12. Rac1 0-0 13. f3 c5 14. dxc5 Nxc5 15. Qc2 Kh8 16. a3 Ng4 17. Bxe7 Qxe7 18. Nxd5 Bxd5 19. Qxc5 Qxe3+ 20. Qxe3 Nxe3 21. Rfe1 Nc4 22. Rc2 Ne5 23. Bf5 Rfe8 24. Kf2 g6 25. Rc5 Bxf3 26. Nd4 Ng4+ 27. Kxf3 Rxe1 28. Bxg4 Rae8 29. Bd7 Rf1+ 30. Kg3 Re3+ 31. Nf3 Re2 32. Rc6 Rxb2 33. Rxa6 Rff2 34. Bh3 Rfe2 35. Ra7 Kg7 36. Rb7 g5 37. Ra7 Rb3 38. Rb7 h5 39. Bd7 g4 40. Rxb5 Rxa3 41. Rxh5 gxf3 42. gxf3 Raa2 43. h4 Rg2+ 44. Kf4 Rac2 45. Bf5 Rc4+ 46. Be4 Rh2 47. Rg5+ Kf8 48. h5 Rc1 49. Bd5 Ke7 50. Re5+ Kd6 51. Rf5 Rh4+ 52. Kg5 Rd4 53. Bxf7 Ke7 54. Bg6 Rg1+ 55. Kh6 Ra1 56. f4 Ke6 57. Rf8 Rf1 58. f5+ Ke5 59. Kg7 Rd7+ 60. Kg8 Rh1 61. Re8+ Kf6 62. Re6+ Kg5 63. f6 Rhd1 64. f7 Rd8+ 65. f8Q 1-0

[Event "Wch FIDE Online U18 America qual"]
[Site "Tornelo INT"]
[Date "2020.12.03"]
[Round "5"]
[White "Hepler Ramirez, Narayana"]
[Black "Stearman, Josiah P"]
[Result "1-0"]
[WhiteElo "1865"]
[BlackElo "2286"]
[PlyCount "113"]
[EventDate "2020.12.01"]
[EventType "swiss (rapid)"]
[EventRounds "7"]
[EventCountry "ISS"]
[SourceTitle "EXT 2022"]
[Source "ChessBase"]
[SourceDate "2021.10.06"]
[SourceVersion "1"]
[SourceVersionDate "2021.10.06"]
[SourceQuality "1"]

1. e4 c5 2. Nf3 Nc6 3. d4 cxd4 4. Nxd4 g6 5. c4 Nf6 6. Nc3 d6 7. Be2 Nxd4 8. Qxd4 Bg7 9. Be3 0-0 10. Qd2 Be6 11. 0-0 Qa5 12. Rad1 Rfc8 13. b3 a6 14. f4 Bg4 15. Nd5 Qxd2 16. Rxd2 Nxd5 17. exd5 Bxe2 18. Rxe2 b5 19. Rc1 Rc7 20. Rec2 Rac8 21. Kf2 e6 22. dxe6 fxe6 23. c5 d5 24. Ke2 Rc6 25. Kd3 Kf7 26. g4 b4 27. h4 Bf6 28. h5 gxh5 29. gxh5 Bc3 30. Rg2 d4 31. Bxd4 Rd8 32. Rxc3 bxc3 33. Kxc3 Kf8 34. b4 Rd5 35. h6 Rh5 36. Bg7+ Kf7 37. a4 Rh1 38. Kc4 Rc8 39. b5 axb5+ 40. axb5 Ra8 41. b6 Rc1+ 42. Kb5 Rc8 43. Bd4 e5 44. fxe5 Ke6 45. b7 Rb8 46. c6 Kd5 47. Ba7 Rb1+ 48. Ka6 Re8 49. Rc2 Ra1+ 50. Kb6 Rb1+ 51. Kc7 Re7+ 52. Kd8 Rf7 53. b8Q Rf8+ 54. Ke7 Rbxb8 55. Bxb8 Rxb8 56. c7 Rc8 57. Kd7 1-0

[Event "Wch FIDE Online U18 America qual"]
[Site "Tornelo INT"]
[Date "2020.12.03"]
[Round "6"]
[White "Soto, Miguel Angel"]
[Black "Hepler Ramirez, Narayana"]
[Result "1/2-1/2"]
[WhiteElo "2142"]
[BlackElo "1865"]
[PlyCount "152"]
[EventDate "2020.12.01"]
[EventType "swiss (rapid)"]
[EventRounds "7"]
[EventCountry "ISS"]
[SourceTitle "EXT 2022"]
[Source "ChessBase"]
[SourceDate "2021.10.06"]
[SourceVersion "1"]
[SourceVersionDate "2021.10.06"]
[SourceQuality "1"]

1. e4 c5 2. Nf3 d6 3. d4 cxd4 4. Nxd4 Nf6 5. Nc3 a6 6. Be3 e6 7. Be2 Qc7 8. a4 Be7 9. 0-0 0-0 10. f4 Nc6 11. Kh1 Bd7 12. Qe1 Rab8 13. Qg3 Na5 14. e5 Ne8 15. Rae1 Nc4 16. Bxc4 Qxc4 17. Bg1 dxe5 18. fxe5 b5 19. axb5 axb5 20. Ne4 Qc7 21. Re3 f5 22. exf6 Qxg3 23. Nxg3 Bxf6 24. Nxe6 Bxe6 25. Rxe6 Bxb2 26. Rb1 Bf6 27. Ne4 Rf7 28. c4 Nc7 29. Rc6 Bd8 30. cxb5 Rxb5 31. Rd1 Rb8 32. Ba7 Ra8 33. Bb6 Rc8 34. h3 Rb8 35. Nc5 h6 36. Nd7 Rc8 37. Ne5 Re7 38. Ng6 Re6 39. Rdc1 Kf7 40. Nf4 Rxc6 41. Rxc6 Ke7 42. Bd4 Kd7 43. Rg6 Ne8 44. Bxg7 Nxg7 45. Rxg7+ Kd6 46. Rg6+ Ke5 47. Nh5 Bg5 48. Kh2 Rc2 49. Ra6 Rc4 50. Ra5+ Ke6 51. Ra2 Ke5 52. g3 Kf5 53. g4+ Ke5 54. Kg2 Rc3 55. Re2+ Re3 56. Rxe3+ Bxe3 57. Kf3 Bg5 58. Ng3 Be7 59. Nf5 Bg5 60. h4 Bc1 61. Ne3 Kd4 62. Ng2 Ke5 63. Nf4 Bxf4 64. g5 h5 65. Kg2 Kf5 66. Kh1 Kg4 67. Kg1 Kxh4 68. g6 Be5 69. Kh1 Kg5 70. g7 Bxg7 71. Kg1 h4 72. Kh1 Kg4 73. Kg1 Kg3 74. Kh1 h3 75. Kg1 h2+ 76. Kh1 Kh3 1/2-1/2

[Event "Nonalaya Ricardo Online op"]
[Site "Chess.com INT"]
[Date "2020.07.19"]
[Round "5"]
[White "Hepler Ramirez, Narayana"]
[Black "Vega Paucar, Emely Bachellet"]
[Result "0-1"]
[WhiteElo "2117"]
[BlackElo "1861"]
[PlyCount "76"]
[EventDate "2020.07.19"]
[EventType "swiss (blitz)"]
[EventRounds "9"]
[EventCountry "PER"]
[SourceTitle "CBM 197 Extra"]
[Source "ChessBase"]
[SourceDate "2020.09.30"]
[SourceVersion "1"]
[SourceVersionDate "2020.09.30"]
[SourceQuality "1"]

1. e4 c5 2. Nf3 d6 3. d4 cxd4 4. Nxd4 Nf6 5. Nc3 g6 6. g3 Bg7 7. Bg2 0-0 8. 0-0 Nc6 9. Nde2 Be6 10. h3 Qc8 11. Kh2 Rd8 12. a4 Bc4 13. Bg5 e6 14. Rc1 a6 15. b3 Bxe2 16. Qxe2 h6 17. Be3 Ne7 18. Nd1 d5 19. e5 Ne4 20. f4 Nf5 21. Bf2 Nxf2 22. Qxf2 Qc6 23. g4 Ne7 24. c4 Qd7 25. Nc3 dxc4 26. bxc4 Qc7 27. Ne4 Nc6 28. Rfd1 g5 29. fxg5 Qxe5+ 30. Qg3 Qxg3+ 31. Kxg3 hxg5 32. Nxg5 Bh6 33. h4 f6 34. Bxc6 bxc6 35. Rb1 fxg5 36. h5 Rxd1 37. Rxd1 Bg7 38. Rd6 Be5+ 0-1

[Event "South America-ch U18 16th"]
[Site "Buenos Aires"]
[Date "2019.12.05"]
[Round "8.7"]
[White "Hepler Ramirez, Narayana"]
[Black "Benitez Galeano, Alejandro"]
[Result "1-0"]
[WhiteElo "2050"]
[BlackElo "2177"]
[PlyCount "61"]
[EventDate "2019.12.01"]
[EventType "swiss"]
[EventRounds "9"]
[EventCountry "ARG"]
[SourceTitle "EXT 2024"]
[Source "ChessBase"]
[SourceDate "2023.10.10"]
[SourceVersion "1"]
[SourceVersionDate "2023.10.10"]
[SourceQuality "1"]

1. e4 c5 2. Nf3 e6 3. d4 cxd4 4. Nxd4 Nc6 5. Nb5 d6 6. c4 Nf6 7. N1c3 a6 8. Nd4 Be7 9. Be2 0-0 10. 0-0 Qc7 11. Be3 Nxd4 12. Qxd4 Nd7 13. Rfd1 b6 14. Rac1 Bb7 15. f3 Rfd8 16. b4 Rab8 17. a4 Ba8 18. Qd2 Ne5 19. f4 Nxc4 20. Bxc4 Qxc4 21. Nd5 Qxe4 22. Nxe7+ Kf8 23. Nc8 d5 24. Nxb6 d4 25. Rc4 Qxe3+ 26. Qxe3 dxe3 27. Rxd8+ Rxd8 28. Kf1 Bb7 29. Ke2 Rd6 30. a5 Bxg2 31. Nc8 1-0

[Event "South America-ch U18 16th"]
[Site "Buenos Aires"]
[Date "2019.12.04"]
[Round "6.7"]
[White "Hepler Ramirez, Narayana"]
[Black "Pinto, Daniel"]
[Result "1/2-1/2"]
[WhiteElo "2050"]
[BlackElo "2260"]
[PlyCount "138"]
[EventDate "2019.12.01"]
[EventType "swiss"]
[EventRounds "9"]
[EventCountry "ARG"]
[SourceTitle "EXT 2024"]
[Source "ChessBase"]
[SourceDate "2023.10.10"]
[SourceVersion "1"]
[SourceVersionDate "2023.10.10"]
[SourceQuality "1"]

1. e4 e5 2. Nf3 Nc6 3. Bb5 a6 4. Ba4 Nf6 5. 0-0 b5 6. Bb3 Nxe4 7. d4 d5 8. dxe5 Be6 9. c3 Be7 10. Nbd2 Nc5 11. Bc2 0-0 12. Nb3 Nxb3 13. axb3 f6 14. exf6 Bxf6 15. Qd3 g6 16. Bh6 Re8 17. Rfe1 Qd6 18. Qd2 Bf7 19. Bf4 Qd7 20. Rxe8+ Bxe8 21. Bg3 Bf7 22. Qf4 Bg7 23. Bd3 Ra7 24. Rd1 Nd8 25. Qe3 Rb7 26. Ne5 Qe8 27. Re1 c6 28. f4 Re7 29. h4 Ne6 30. h5 Nf8 31. Qc5 g5 32. h6 Bh8 33. Nf3 Rxe1+ 34. Nxe1 gxf4 35. Bf2 Bg6 36. c4 bxc4 37. bxc4 Bxd3 38. Nxd3 Qe4 39. cxd5 cxd5 40. Nb4 Qc4 41. Qd6 Bxb2 42. Nxd5 Qe4 43. Ne7+ Kf7 44. Nc6 Bf6 45. Nd4 Qb1+ 46. Kh2 Qg6 47. Qxf4 Qh5+ 48. Kg1 Qd1+ 49. Kh2 Qh5+ 50. Kg1 Qg5 51. Qc7+ Kg6 52. Qc2+ Kf7 53. Qa2+ Ke8 54. Qe2+ Kf7 55. Qc4+ Ke8 56. Qc8+ Kf7 57. Nf5 Ne6 58. Nd6+ Ke7 59. Ne4 Qxh6 60. Bc5+ Nxc5 61. Qxc5+ Kf7 62. Nd6+ Ke6 63. Ne4 Qf4 64. Qc6+ Kf7 65. Nd6+ Ke6 66. Qc8+ Kd5 67. Qb7+ Ke6 68. Qc8+ Kd5 69. Qb7+ Ke6 1/2-1/2

[Event "PER-ch U20"]
[Site "Lima"]
[Date "2018.04.21"]
[Round "4.3"]
[White "Hepler Ramirez, Narayana"]
[Black "Rojas, Steven"]
[Result "0-1"]
[WhiteElo "1873"]
[BlackElo "1963"]
[PlyCount "84"]
[EventDate "2018.04.19"]
[EventType "swiss"]
[EventRounds "7"]
[EventCountry "PER"]
[SourceTitle "EXT 2024"]
[Source "ChessBase"]
[SourceDate "2023.10.10"]
[SourceVersion "1"]
[SourceVersionDate "2023.10.10"]
[SourceQuality "1"]

1. e4 c5 2. Nf3 e6 3. d4 cxd4 4. Nxd4 Nf6 5. Nc3 d6 6. Be2 Be7 7. 0-0 0-0 8. Be3 a6 9. f4 Nc6 10. a4 Qc7 11. Kh1 Rb8 12. Qe1 Nxd4 13. Bxd4 e5 14. Ba7 Ra8 15. Be3 exf4 16. Bxf4 Be6 17. Qg3 Rfd8 18. Bh6 Ne8 19. Nd5 Bxd5 20. exd5 Qxc2 21. Bh5 g6 22. Rae1 Bf6 23. Rf2 Qc4 24. Qf3 Qh4 25. g4 Rd7 26. Rg1 Bd4 27. Be3 Bxe3 28. Qxe3 Ng7 29. Rf3 Re8 30. Qc3 Re2 31. h3 Qe7 32. Rgf1 Qe5 33. Qc8+ Ne8 34. R1f2 Rxf2 35. Rxf2 Rc7 36. Qd8 Rc1+ 37. Kg2 gxh5 38. gxh5 Qe4+ 39. Rf3 Kf8 40. Qd7 Rc2+ 41. Kg3 Qe1+ 42. Kg4 Rg2+ 0-1

[Event "Lima Surco op 4th"]
[Site "Lima"]
[Date "2017.10.28"]
[Round "4"]
[White "Hepler Ramirez, Narayana"]
[Black "Giraldo Arana, Jose Alfonso"]
[Result "1/2-1/2"]
[WhiteElo "1763"]
[BlackElo "1557"]
[PlyCount "54"]
[EventDate "2017.10.15"]
[EventType "swiss"]
[EventRounds "7"]
[EventCountry "PER"]
[SourceTitle "EXT 2019"]
[Source "ChessBase"]
[SourceDate "2018.10.10"]
[SourceVersion "1"]
[SourceVersionDate "2018.10.10"]
[SourceQuality "1"]

1. e4 d5 2. exd5 Qxd5 3. Nc3 Qd6 4. d4 Nf6 5. Nf3 a6 6. Be3 Bg4 7. h3 Bh5 8. g4 Bg6 9. Ne5 Nc6 10. Bg2 e6 11. Qd2 Nd5 12. 0-0-0 0-0-0 13. Nxg6 hxg6 14. Nxd5 exd5 15. Bf4 Qd7 16. Kb1 Be7 17. Rhe1 Rhe8 18. a3 Kb8 19. c4 dxc4 20. d5 Na7 21. Qd4 Bf6 22. Qxc4 Nb5 23. Rxe8 Rxe8 24. d6 Nxd6 25. Bxd6 cxd6 26. f4 Qc7 27. Qb4 Re2 1/2-1/2

[Event "Lima Surco op 4th"]
[Site "Lima"]
[Date "2017.10.21"]
[Round "3"]
[White "Contreras, Jose"]
[Black "Hepler Ramirez, Narayana"]
[Result "1-0"]
[WhiteElo "2105"]
[BlackElo "1763"]
[PlyCount "61"]
[EventDate "2017.10.15"]
[EventType "swiss"]
[EventRounds "7"]
[EventCountry "PER"]
[SourceTitle "EXT 2019"]
[Source "ChessBase"]
[SourceDate "2018.10.10"]
[SourceVersion "1"]
[SourceVersionDate "2018.10.10"]
[SourceQuality "1"]

1. e4 c5 2. Nf3 d6 3. d4 cxd4 4. Nxd4 Nf6 5. Nc3 a6 6. Bg5 e6 7. f3 b5 8. Qd2 Nbd7 9. 0-0-0 h6 10. Be3 Nb6 11. e5 dxe5 12. Ndxb5 Nbd5 13. Nxd5 exd5 14. Nc3 Be6 15. f4 Bb4 16. Qd3 Bxc3 17. Qxc3 d4 18. Qa3 Bg4 19. Rd2 Ne4 20. fxe5 Nxd2 21. Bxd2 Bd7 22. Bd3 Qe7 23. Bb4 Qg5+ 24. Kb1 a5 25. Be4 Ra6 26. Bd6 Qe3 27. Bd3 Ra8 28. Qc5 a4 29. Rf1 Rc8 30. Qd5 Be6 31. Bb5+ 1-0

[Event "PER-ch"]
[Site "Lima"]
[Date "2017.03.03"]
[Round "5"]
[White "Carrillo Jaramillo, Jhosmer"]
[Black "Hepler Ramirez, Narayana"]
[Result "0-1"]
[WhiteElo "1505"]
[BlackElo "1759"]
[PlyCount "93"]
[EventDate "2017.03.01"]
[EventType "swiss"]
[EventRounds "9"]
[EventCountry "PER"]
[SourceTitle "CBM 177 Extra"]
[Source "ChessBase"]
[SourceDate "2017.04.27"]
[SourceVersion "1"]
[SourceVersionDate "2017.04.27"]
[SourceQuality "1"]

1. e4 c5 2. Nf3 d6 3. d4 cxd4 4. Nxd4 Nf6 5. Nc3 a6 6. f3 e5 7. Nb3 Be6 8. Be3 Be7 9. Qd2 Nbd7 10. 0-0-0 h5 11. Qf2 b5 12. Kb1 Qc7 13. Be2 Rc8 14. Rd2 Rb8 15. Rg1 Nb6 16. Bxb6 Rxb6 17. Nd5 Bxd5 18. exd5 Rb8 19. Qe3 a5 20. g4 a4 21. Na1 hxg4 22. fxg4 Qb6 23. Qxb6 Rxb6 24. Rg2 Rh3 25. g5 Ne4 26. Rd3 Rxd3 27. Bxd3 Nxg5 28. h4 Nf3 29. Rxg7 Nxh4 30. c3 b4 31. cxb4 Rxb4 32. Nc2 Rf4 33. Bb5+ Kf8 34. Rg3 Nf5 35. Ra3 Nd4 36. Nxd4 Rxd4 37. Rxa4 Rxd5 38. Bc4 Rd4 39. Ra8+ Kg7 40. Be2 Rd2 41. Bf3 f5 42. a4 e4 43. Bh5 Bf6 44. Rb8 Kh6 45. Bf7 e3 46. Bc4 d5 47. Bb5 0-1

[Event "PER-ch"]
[Site "Lima"]
[Date "2017.03.03"]
[Round "6"]
[White "Rojas, Steven"]
[Black "Hepler Ramirez, Narayana"]
[Result "1-0"]
[WhiteElo "2002"]
[BlackElo "1759"]
[PlyCount "55"]
[EventDate "2017.03.01"]
[EventType "swiss"]
[EventRounds "9"]
[EventCountry "PER"]
[SourceTitle "CBM 177 Extra"]
[Source "ChessBase"]
[SourceDate "2017.04.27"]
[SourceVersion "1"]
[SourceVersionDate "2017.04.27"]
[SourceQuality "1"]

1. e4 c5 2. Nf3 d6 3. d4 cxd4 4. Nxd4 Nf6 5. f3 a6 6. c4 e6 7. Nc3 Be7 8. Be3 0-0 9. Be2 Qc7 10. 0-0 b6 11. Qd2 Bb7 12. Rac1 Nbd7 13. Rfd1 Rac8 14. Bf2 Rfe8 15. b3 Qb8 16. Nc2 Bd8 17. Bg3 Ne5 18. Qxd6 Bc7 19. Qd2 Nh5 20. f4 Nxg3 21. hxg3 Ng6 22. Bf3 Ne7 23. e5 Bxf3 24. gxf3 f6 25. exf6 gxf6 26. Ne4 Kf7 27. Qh2 Kg7 28. Nd4 1-0